A odkud bych asi tak byl? : Rusko očima zahraničního reportéra /
Bývalý zpravodaj v Rusku vzpomíná na své působení v této zemi; pozornost věnuje ruské politice, historii, česko-ruským vztahům nebo každodennímu životu v různých částech Ruska.
Uloženo v:
| Hlavní autor: | |
|---|---|
| Médium: | E-kniha |
| Jazyk: | Czech |
| Vydáno: |
V Brně :
CPress,
2021
|
| Vydání: | 1. vydání |
| Témata: | |
| Tagy: |
Žádné tagy |
| LEADER | 02735cam a2200637 i 4500 | ||
|---|---|---|---|
| 001 | 311441 | ||
| 003 | CZ PrSKC | ||
| 005 | 20260601215705.0 | ||
| 007 | ta | ||
| 008 | 211123s2021 xr ac e 000 0dcze d | ||
| 015 | |a cnb003383463 | ||
| 020 | |a 9788026438540 |q (vázáno) : |c Kč 399,00 | ||
| 035 | |a (OCoLC)1296107622 | ||
| 040 | |a TUG001 |b cze |d UOG001 |d KLG001 |d ABA001 |e rda | ||
| 043 | |a e-xr--- |a e-ru--- | ||
| 045 | |a y1y2 | ||
| 072 | 7 | |a 070 |x Noviny. Tisk. Žurnalistika |2 Konspekt | |
| 072 | 7 | |a 929 |x Biografie |2 Konspekt | |
| 080 | |a 070.42-057.56 |2 MRF | ||
| 080 | |a 910.4 |2 MRF | ||
| 080 | |a 913(470+571) |2 MRF | ||
| 080 | |a 929 |2 MRF | ||
| 080 | |a (437.3) |2 MRF | ||
| 080 | |a (470+571) |2 MRF | ||
| 080 | |a (0:82-94) |2 MRF | ||
| 080 | |a (0:82-4) |2 MRF | ||
| 100 | 1 | |a Karas, Miroslav, |d 1962- |7 xx0266385 |4 aut | |
| 245 | 1 | 0 | |a A odkud bych asi tak byl? : |b Rusko očima zahraničního reportéra / |c Miroslav Karas |
| 246 | 3 | 0 | |a Rusko očima zahraničního reportéra |
| 250 | |a 1. vydání | ||
| 264 | 1 | |a V Brně : |b CPress, |c 2021 | |
| 300 | |a 374 stran : |b barevné ilustrace, portréty ; |c 22 cm | ||
| 336 | |a text |b txt |2 rdacontent | ||
| 337 | |a bez média |b n |2 rdamedia | ||
| 338 | |a svazek |b nc |2 rdacarrier | ||
| 520 | 2 | |a Bývalý zpravodaj v Rusku vzpomíná na své působení v této zemi; pozornost věnuje ruské politice, historii, česko-ruským vztahům nebo každodennímu životu v různých částech Ruska. | |
| 600 | 1 | 7 | |a Karas, Miroslav, |d 1962- |7 xx0266385 |2 czenas |
| 648 | 7 | |a 20.-21. století |7 ch462155 |2 czenas | |
| 648 | 7 | |a 2011-2020 |7 ch460589 |2 czenas | |
| 648 | 4 | |a 2012-2020 | |
| 650 | 0 | 7 | |a zahraniční zpravodajové |7 ph585848 |z Česko |y 20.-21. století |2 czenas |
| 650 | 0 | 7 | |a cesty a pobyt |7 ph137578 |z Rusko |y 2011-2020 |2 czenas |
| 650 | 0 | 9 | |a foreign correspondents |z Czechia |y 20th-21st centuries |2 eczenas |
| 650 | 0 | 9 | |a travels and stays |z Russia |y 2011-2020 |2 eczenas |
| 651 | 7 | |a Rusko |7 ge128566 |x reálie |2 czenas | |
| 651 | 9 | |a Russia |x description and travel |2 eczenas | |
| 655 | 7 | |a autobiografické vzpomínky |7 fd131854 |2 czenas | |
| 655 | 7 | |a reportáže |7 fd133252 |2 czenas | |
| 655 | 9 | |a autobiographical reminiscences |2 eczenas | |
| 655 | 9 | |a reportage |2 eczenas | |
| 900 | |a ABA001 |b 19 | ||
| 928 | 9 | |a Albatros Media - CPress | |
| 044 | |a xr | ||
| 910 | |a RBIT002 | ||
| 998 | |d 337686 |a https://core.palmknihy.cz/api/books/337686/cover?si7vog |b https://core.palmknihy.cz/api/books/337686/cover/400?si7vog |c https://core.palmknihy.cz/api/books/337686/cover/50?si7vog |e 2031-12-31 |g 376 |i 9788026438540 |j https://core.palmknihy.cz/api/books/337686/preview.epub |k https://core.palmknihy.cz/api/books/337686/preview.pdf |l |q 49 |r 1 |s https://www.palmknihy.cz/kniha/337686 |t ebook |y 2021 |z 0 | ||
| 999 | |d 311439 | ||